Bases pontificias para la paz y la prosperidad internacional y nacional

Salvato in:
Dettagli Bibliografici
Ente Autore: Asociación de Hombres de la Acción Católica Argentina (Autore)
Natura: Libro
Lingua:spagnolo
Pubblicazione: Buenos Aires Asociación de Hombres de la Acción Católica Argentina 1945
Soggetti:
Tags: Aggiungi Tag
Nessun Tag, puoi essere il primo ad aggiungerne!!

MARC

LEADER 00000nam a2200000 a 4500
001 UCL5085
003 CL-VaPUC
008 040305e19450400AG |||||||||||||||||spa|d
082 0 4 |a 261.1  |b ASO  |2 21 
110 2 |a Asociación de Hombres de la Acción Católica Argentina  |e author  |9 482758 
245 1 0 |a Bases pontificias para la paz y la prosperidad internacional y nacional 
300 |a 61 p 
942 |c BK 
945 |d 20040305 00:00:00  |a vberengu 
260 |a Buenos Aires  |b Asociación de Hombres de la Acción Católica Argentina  |c 1945 
650 0 |a Teología social  |9 326726 
650 7 |a IGLESIA Y SOCIEDAD  |2 CL-VaPUC  |9 399674 
583 |a last modification  |c 20040305 00:00:00  |k Rodrigo Vera 
999 |c 307755  |d 307753 
952 |0 0  |1 0  |4 0  |6 261_100000000000000_ASO_1945  |7 0  |8 A  |9 373862  |a BIBTEO  |b BIBTEO  |d 2019-11-21  |i 2103796  |o 261.1 ASO 1945  |p 2103796  |r 2025-01-17  |w 2019-11-21  |y BK  |k ICR